[Event "45th FIDE Chess Olympiad Open"]
[Site "Budapest, Hungary"]
[Date "2024.09.21"]
[Round "10"]
[White "Grigorov, Grigor"]
[Black "Lokander, Martin"]
[Result "0-1"]
[Board "56"]
[WhiteFideId "2907313"]
[BlackFideId "1709569"]
[WhiteTitle "GM"]
[BlackTitle "IM"]
[WhiteElo "2514"]
[BlackElo "2469"]
[WhiteTeam "Bulgaria"]
[BlackTeam "Sweden"]
[WhiteClock "0:05:35"]
[BlackClock "0:23:40"]
[Variant "Standard"]

1. d4 {[%clk 1:30:55]}  Nf6 {[%clk 1:30:54]} 2. Bg5 {[%clk 1:31:18]}  c5 {[%clk 1:31:05]} 3. Bxf6 {[%clk 1:31:28]}  gxf6 {[%clk 1:31:29]} 4. d5 {[%clk 1:31:49]}  f5 {[%clk 1:31:53]} 5. c4 {[%clk 1:30:21]}  Bg7 {[%clk 1:31:56]} 6. Qc2 {[%clk 1:30:22]}  d6 {[%clk 1:21:30]} 7. Nc3 {[%clk 1:30:37]}  e5 {[%clk 1:21:11]} 8. g3 {[%clk 1:24:46]}  e4 {[%clk 1:16:12]} 9. Nh3 {[%clk 1:15:31]}  h5 {[%clk 1:14:49]} 10. Nf4 {[%clk 1:09:38]}  Nd7 {[%clk 1:12:54]} 11. e3 {[%clk 0:50:12]}  h4 {[%clk 1:08:17]} 12. gxh4 {[%clk 0:39:57]}  Rxh4 {[%clk 1:05:06]} 13. O-O-O {[%clk 0:39:11]}  Nf6 {[%clk 1:03:47]} 14. Be2 {[%clk 0:38:17]}  Bd7 {[%clk 1:02:38]} 15. Rdg1 {[%clk 0:36:26]}  Bh6 {[%clk 0:59:08]} 16. Ng2 {[%clk 0:36:02]}  Rh3 {[%clk 0:59:13]} 17. Nf4 {[%clk 0:32:40]}  Rh4 {[%clk 0:58:47]} 18. Ng2 {[%clk 0:33:02]}  Rh3 {[%clk 0:59:10]} 19. Nf4 {[%clk 0:33:26]}  Bxf4 {[%clk 0:54:13]} 20. exf4 {[%clk 0:33:48]}  Qe7 {[%clk 0:54:09]} 21. Rg3 {[%clk 0:32:08]}  Rh4 {[%clk 0:53:07]} 22. Qd2 {[%clk 0:31:56]}  O-O-O {[%clk 0:53:19]} 23. h3 {[%clk 0:26:32]}  Rdh8 {[%clk 0:52:47]} 24. Bd1 {[%clk 0:26:14]}  Kb8 {[%clk 0:44:06]} 25. Ne2 {[%clk 0:25:31]}  Bc8 {[%clk 0:40:59]} 26. Ra3 {[%clk 0:23:34]}  Nd7 {[%clk 0:38:30]} 27. Qa5 {[%clk 0:18:31]}  a6 {[%clk 0:38:41]} 28. Ba4 {[%clk 0:18:06]}  Nf8 {[%clk 0:37:41]} 29. Rb3 {[%clk 0:16:08]}  Ng6 {[%clk 0:31:37]} 30. Qxa6 {[%clk 0:13:42]}  Nxf4 {[%clk 0:31:30]} 31. Nc3 {[%clk 0:09:33]}  Rxh3 {[%clk 0:28:19]} 32. Rd1 {[%clk 0:06:23]}  Ne2+ {[%clk 0:23:25]} 33. Kb1 {[%clk 0:05:35]}  Rxc3 {[%clk 0:23:40]} 0-1

[Event "45th FIDE Chess Olympiad Open"]
[Site "Budapest, Hungary"]
[Date "2024.09.21"]
[Round "10"]
[White "Supi, Luis Paulo"]
[Black "Kozak, Adam"]
[Result "1/2-1/2"]
[Board "57"]
[WhiteFideId "2106388"]
[BlackFideId "753246"]
[WhiteTitle "GM"]
[BlackTitle "GM"]
[WhiteElo "2570"]
[BlackElo "2609"]
[WhiteTeam "Brazil"]
[BlackTeam "Hungary B"]
[WhiteClock "0:04:04"]
[BlackClock "0:01:24"]
[Variant "Standard"]

1. c4 {[%clk 1:30:59]}  b6 {[%clk 1:28:47]} 2. Nc3 {[%clk 1:30:35]}  Bb7 {[%clk 1:28:33]} 3. e4 {[%clk 1:30:26]}  e6 {[%clk 1:28:28]} 4. g3 {[%clk 1:30:27]}  Bb4 {[%clk 1:21:06]} 5. Nge2 {[%clk 1:29:04]}  f5 {[%clk 1:16:28]} 6. Bg2 {[%clk 1:28:16]}  Nf6 {[%clk 1:12:56]} 7. d3 {[%clk 1:27:56]}  O-O {[%clk 1:02:53]} 8. O-O {[%clk 1:28:04]}  fxe4 {[%clk 1:03:17]} 9. Bg5 {[%clk 1:11:25]}  Nc6 {[%clk 0:57:55]} 10. Nxe4 {[%clk 1:09:25]}  Be7 {[%clk 0:58:16]} 11. Bxf6 {[%clk 1:07:12]}  Bxf6 {[%clk 0:57:27]} 12. d4 {[%clk 1:07:38]}  Kh8 {[%clk 0:53:33]} 13. Rc1 {[%clk 1:04:30]}  Ne7 {[%clk 0:37:26]} 14. Qd2 {[%clk 1:01:04]}  Rb8 {[%clk 0:36:33]} 15. d5 {[%clk 0:53:09]}  Nf5 {[%clk 0:20:33]} 16. Rfd1 {[%clk 0:49:56]}  e5 {[%clk 0:19:17]} 17. b4 {[%clk 0:45:52]}  d6 {[%clk 0:14:40]} 18. Qd3 {[%clk 0:42:34]}  Be7 {[%clk 0:10:13]} 19. Kh1 {[%clk 0:38:49]}  Nh6 {[%clk 0:04:51]} 20. f4 {[%clk 0:35:43]}  Nf7 {[%clk 0:04:35]} 21. Rf1 {[%clk 0:35:12]}  Bc8 {[%clk 0:04:19]} 22. h3 {[%clk 0:33:57]}  Bd7 {[%clk 0:04:07]} 23. f5 {[%clk 0:32:32]}  Ng5 {[%clk 0:02:51]} 24. h4 {[%clk 0:28:29]}  Nf7 {[%clk 0:03:19]} 25. Bh3 {[%clk 0:06:55]}  Nh6 {[%clk 0:03:36]} 26. Kh2 {[%clk 0:04:59]}  Bxf5 {[%clk 0:02:29]} 27. Bxf5 {[%clk 0:05:06]}  Nxf5 {[%clk 0:01:23]} 28. Rf3 {[%clk 0:04:35]}  g6 {[%clk 0:01:42]} 29. Rcf1 {[%clk 0:04:45]}  Qd7 {[%clk 0:01:05]} 30. N2c3 {[%clk 0:03:38]}  Kg7 {[%clk 0:00:47]} 31. R1f2 {[%clk 0:03:49]}  Nd4 {[%clk 0:00:37]} 32. Rxf8 {[%clk 0:04:08]}  Rxf8 {[%clk 0:01:05]} 33. Rxf8 {[%clk 0:04:29]}  Kxf8 {[%clk 0:01:24]} 34. Nb5 {[%clk 0:04:04]} 1/2-1/2

[Event "45th FIDE Chess Olympiad Open"]
[Site "Budapest, Hungary"]
[Date "2024.09.21"]
[Round "10"]
[White "Banusz, Tamas"]
[Black "Fier, Alexandr"]
[Result "1/2-1/2"]
[Board "58"]
[WhiteFideId "722413"]
[BlackFideId "2107139"]
[WhiteTitle "GM"]
[BlackTitle "GM"]
[WhiteElo "2605"]
[BlackElo "2551"]
[WhiteTeam "Hungary B"]
[BlackTeam "Brazil"]
[WhiteClock "0:06:54"]
[BlackClock "0:17:18"]
[Variant "Standard"]

1. Nf3 {[%clk 1:30:57]}  Nf6 {[%clk 1:30:53]} 2. g3 {[%clk 1:31:21]}  c5 {[%clk 1:31:19]} 3. c4 {[%clk 1:31:34]}  Nc6 {[%clk 1:30:45]} 4. Bg2 {[%clk 1:31:30]}  d5 {[%clk 1:31:01]} 5. cxd5 {[%clk 1:31:48]}  Nxd5 {[%clk 1:31:27]} 6. Nc3 {[%clk 1:32:11]}  Nc7 {[%clk 1:31:41]} 7. a3 {[%clk 1:31:54]}  Rb8 {[%clk 1:30:31]} 8. Rb1 {[%clk 1:30:29]}  g6 {[%clk 1:24:43]} 9. b4 {[%clk 1:27:18]}  cxb4 {[%clk 1:20:26]} 10. axb4 {[%clk 1:27:40]}  Bf5 {[%clk 1:14:36]} 11. d3 {[%clk 1:19:12]}  Bg7 {[%clk 1:15:01]} 12. Qd2 {[%clk 1:14:49]}  b5 {[%clk 1:13:03]} 13. Nh4 {[%clk 1:10:18]}  Bd7 {[%clk 1:13:17]} 14. Ne4 {[%clk 1:10:17]}  O-O {[%clk 1:11:08]} 15. Nc5 {[%clk 1:06:55]}  Be8 {[%clk 1:08:10]} 16. Bb2 {[%clk 0:58:02]}  e5 {[%clk 1:04:45]} 17. O-O {[%clk 0:56:59]}  Nd5 {[%clk 1:05:09]} 18. Ba1 {[%clk 0:48:28]}  Ndxb4 {[%clk 1:02:23]} 19. Rxb4 {[%clk 0:43:11]}  Nxb4 {[%clk 1:02:48]} 20. Qxb4 {[%clk 0:43:39]}  a5 {[%clk 1:03:13]} 21. Qe4 {[%clk 0:40:43]}  Rc8 {[%clk 0:54:21]} 22. Qe3 {[%clk 0:27:11]}  b4 {[%clk 0:39:58]} 23. Bxe5 {[%clk 0:24:36]}  Bxe5 {[%clk 0:35:26]} 24. Qxe5 {[%clk 0:23:33]}  Qc7 {[%clk 0:30:57]} 25. Qxc7 {[%clk 0:23:53]}  Rxc7 {[%clk 0:31:24]} 26. d4 {[%clk 0:24:12]}  Bb5 {[%clk 0:31:13]} 27. Ra1 {[%clk 0:19:13]}  a4 {[%clk 0:31:40]} 28. Bd5 {[%clk 0:14:50]}  Rd8 {[%clk 0:31:37]} 29. e4 {[%clk 0:14:05]}  b3 {[%clk 0:31:41]} 30. Rb1 {[%clk 0:11:19]}  Bc6 {[%clk 0:24:59]} 31. Bxc6 {[%clk 0:08:50]}  Rxc6 {[%clk 0:25:26]} 32. Nf3 {[%clk 0:07:34]}  Rxc5 {[%clk 0:15:24]} 33. dxc5 {[%clk 0:08:03]}  Rd3 {[%clk 0:15:49]} 34. Ne5 {[%clk 0:06:35]}  Rc3 {[%clk 0:16:16]} 35. Nc6 {[%clk 0:05:59]}  Rxc5 {[%clk 0:15:59]} 36. Nd4 {[%clk 0:06:15]}  Rc4 {[%clk 0:16:25]} 37. Nxb3 {[%clk 0:06:28]}  axb3 {[%clk 0:16:52]} 38. Rxb3 {[%clk 0:06:54]}  Rxe4 {[%clk 0:17:18]} 1/2-1/2

[Event "45th FIDE Chess Olympiad Open"]
[Site "Budapest, Hungary"]
[Date "2024.09.21"]
[Round "10"]
[White "Quintiliano, Renato R."]
[Black "Prohaszka, Peter"]
[Result "1/2-1/2"]
[Board "59"]
[WhiteFideId "2117568"]
[BlackFideId "726265"]
[WhiteTitle "GM"]
[BlackTitle "GM"]
[WhiteElo "2499"]
[BlackElo "2542"]
[WhiteTeam "Brazil"]
[BlackTeam "Hungary B"]
[WhiteClock "0:28:18"]
[BlackClock "0:27:48"]
[Variant "Standard"]

1. d4 {[%clk 1:30:57]}  d5 {[%clk 1:30:54]} 2. c4 {[%clk 1:31:17]}  e6 {[%clk 1:31:19]} 3. Nf3 {[%clk 1:31:22]}  Nf6 {[%clk 1:31:41]} 4. g3 {[%clk 1:31:03]}  dxc4 {[%clk 1:31:29]} 5. Bg2 {[%clk 1:30:30]}  Nbd7 {[%clk 1:31:42]} 6. O-O {[%clk 1:20:18]}  c6 {[%clk 1:31:36]} 7. Nc3 {[%clk 1:13:51]}  Be7 {[%clk 1:17:30]} 8. e4 {[%clk 1:13:02]}  O-O {[%clk 1:17:36]} 9. Bf4 {[%clk 1:09:54]}  Re8 {[%clk 1:02:52]} 10. a4 {[%clk 1:10:04]}  a5 {[%clk 0:54:33]} 11. Qe2 {[%clk 1:04:37]}  b6 {[%clk 0:53:26]} 12. Rfd1 {[%clk 0:58:32]}  Ba6 {[%clk 0:52:56]} 13. Nd2 {[%clk 0:57:17]}  Bf8 {[%clk 0:46:44]} 14. Nxc4 {[%clk 0:56:18]}  Nd5 {[%clk 0:43:48]} 15. Bd2 {[%clk 0:56:37]}  Nb4 {[%clk 0:42:50]} 16. Bf4 {[%clk 0:36:19]}  Nd5 {[%clk 0:41:54]} 17. Bd2 {[%clk 0:36:37]}  Nb4 {[%clk 0:42:20]} 18. Bf4 {[%clk 0:28:18]}  Nd5 {[%clk 0:27:48]} 1/2-1/2

[Event "45th FIDE Chess Olympiad Open"]
[Site "Budapest, Hungary"]
[Date "2024.09.21"]
[Round "10"]
[White "Papp, Gabor"]
[Black "Di Berardino, Diego Rafael"]
[Result "0-1"]
[Board "60"]
[WhiteFideId "718602"]
[BlackFideId "2105446"]
[WhiteTitle "GM"]
[BlackTitle "IM"]
[WhiteElo "2550"]
[BlackElo "2472"]
[WhiteTeam "Hungary B"]
[BlackTeam "Brazil"]
[WhiteClock "0:30:37"]
[BlackClock "0:25:16"]
[Variant "Standard"]

1. e4 {[%clk 1:30:56]}  e6 {[%clk 1:30:40]} 2. d4 {[%clk 1:31:19]}  d5 {[%clk 1:31:06]} 3. e5 {[%clk 1:31:42]}  c5 {[%clk 1:31:08]} 4. c3 {[%clk 1:32:05]}  Nc6 {[%clk 1:31:06]} 5. Nf3 {[%clk 1:32:28]}  Qb6 {[%clk 1:31:01]} 6. Bd3 {[%clk 1:32:33]}  cxd4 {[%clk 1:31:04]} 7. O-O {[%clk 1:32:56]}  Bd7 {[%clk 1:31:01]} 8. Re1 {[%clk 1:33:02]}  Nge7 {[%clk 1:30:46]} 9. h4 {[%clk 1:32:41]}  h6 {[%clk 1:30:17]} 10. Nbd2 {[%clk 1:32:06]}  dxc3 {[%clk 1:22:18]} 11. bxc3 {[%clk 1:32:11]}  Na5 {[%clk 1:21:21]} 12. Rb1 {[%clk 1:31:29]}  Qc7 {[%clk 1:21:46]} 13. Qe2 {[%clk 1:30:55]}  a6 {[%clk 1:11:45]} 14. Ba3 {[%clk 1:10:13]}  Nf5 {[%clk 0:30:01]} 15. Bxf8 {[%clk 1:02:36]}  Kxf8 {[%clk 0:29:39]} 16. h5 {[%clk 0:41:00]}  Rc8 {[%clk 0:21:14]} 17. Bxf5 {[%clk 0:34:37]}  exf5 {[%clk 0:21:41]} 18. Nd4 {[%clk 0:35:04]}  Be6 {[%clk 0:20:05]} 19. N2b3 {[%clk 0:34:34]}  Nc4 {[%clk 0:16:23]} 20. f4 {[%clk 0:34:59]}  Qd7 {[%clk 0:15:40]} 21. Nd2 {[%clk 0:30:17]}  Kg8 {[%clk 0:08:06]} 22. Nxc4 {[%clk 0:28:33]}  Rxc4 {[%clk 0:07:49]} 23. Qd3 {[%clk 0:26:42]}  b5 {[%clk 0:07:21]} 24. g4 {[%clk 0:23:54]}  g6 {[%clk 0:07:35]} 25. Rb2 {[%clk 0:23:46]}  Kh7 {[%clk 0:06:32]} 26. Rf1 {[%clk 0:15:20]}  Rhc8 {[%clk 0:06:01]} 27. Rc2 {[%clk 0:14:48]}  b4 {[%clk 0:04:34]} 28. hxg6+ {[%clk 0:15:00]}  fxg6 {[%clk 0:04:59]} 29. Rfc1 {[%clk 0:14:52]}  bxc3 {[%clk 0:02:16]} 30. Rxc3 {[%clk 0:15:20]}  fxg4 {[%clk 0:02:17]} 31. Kh2 {[%clk 0:13:18]}  h5 {[%clk 0:01:55]} 32. Qe3 {[%clk 0:12:44]}  Qe7 {[%clk 0:01:49]} 33. Rxc4 {[%clk 0:12:22]}  dxc4 {[%clk 0:02:07]} 34. Rb1 {[%clk 0:11:12]}  Qh4+ {[%clk 0:01:57]} 35. Kg1 {[%clk 0:11:38]}  Bd5 {[%clk 0:02:23]} 36. Rb6 {[%clk 0:11:24]}  c3 {[%clk 0:01:10]} 37. Rxg6 {[%clk 0:10:40]}  c2 {[%clk 0:00:55]} 38. Rh6+ {[%clk 0:10:55]}  Kg8 {[%clk 0:00:38]} 39. Rg6+ {[%clk 0:11:04]}  Kh7 {[%clk 0:00:38]} 40. Rh6+ {[%clk 0:10:15]}  Kg8 {[%clk 0:01:02]} 41. Rg6+ {[%clk 0:06:58]}  Kf7 {[%clk 0:27:16]} 42. e6+ {[%clk 0:32:01]}  Kxg6 {[%clk 0:26:10]} 43. Qd3+ {[%clk 0:30:37]}  Kf6 {[%clk 0:25:07]} 44. Qf5+ {[%clk 0:30:56]}  Kg7 {[%clk 0:25:07]} 45. Qe5+ {[%clk 0:30:37]}  Kg8 {[%clk 0:25:16]} 0-1

[Event "45th FIDE Chess Olympiad Open"]
[Site "Budapest, Hungary"]
[Date "2024.09.21"]
[Round "10"]
[White "Brkic, Ante"]
[Black "Nogerbek, Kazybek"]
[Result "1/2-1/2"]
[Board "61"]
[WhiteFideId "14506688"]
[BlackFideId "13710427"]
[WhiteTitle "GM"]
[BlackTitle "GM"]
[WhiteElo "2642"]
[BlackElo "2519"]
[WhiteTeam "Croatia"]
[BlackTeam "Kazakhstan"]
[WhiteClock "0:08:11"]
[BlackClock "0:06:19"]
[Variant "Standard"]

1. e4 {[%clk 1:30:58]}  e5 {[%clk 1:29:15]} 2. Nf3 {[%clk 1:31:23]}  Nc6 {[%clk 1:29:28]} 3. Bb5 {[%clk 1:31:49]}  a6 {[%clk 1:29:39]} 4. Ba4 {[%clk 1:32:14]}  Nf6 {[%clk 1:29:55]} 5. O-O {[%clk 1:32:38]}  Be7 {[%clk 1:30:10]} 6. d3 {[%clk 1:33:00]}  b5 {[%clk 1:29:51]} 7. Bb3 {[%clk 1:33:25]}  d6 {[%clk 1:29:16]} 8. c3 {[%clk 1:33:40]}  Na5 {[%clk 1:28:01]} 9. Bc2 {[%clk 1:33:48]}  c5 {[%clk 1:28:19]} 10. d4 {[%clk 1:33:56]}  cxd4 {[%clk 1:27:18]} 11. cxd4 {[%clk 1:34:15]}  O-O {[%clk 1:27:30]} 12. h3 {[%clk 1:29:20]}  Bd7 {[%clk 1:25:15]} 13. b3 {[%clk 0:51:17]}  Nc6 {[%clk 1:18:50]} 14. Bb2 {[%clk 0:50:59]}  Qc7 {[%clk 1:15:32]} 15. Nbd2 {[%clk 0:49:46]}  Rac8 {[%clk 1:08:43]} 16. Rc1 {[%clk 0:46:49]}  exd4 {[%clk 1:06:26]} 17. Nxd4 {[%clk 0:38:23]}  Nxd4 {[%clk 1:05:51]} 18. Bxd4 {[%clk 0:38:52]}  Qa5 {[%clk 1:05:55]} 19. Bb1 {[%clk 0:38:57]}  Rxc1 {[%clk 1:00:39]} 20. Qxc1 {[%clk 0:39:25]}  Rc8 {[%clk 0:58:00]} 21. Qd1 {[%clk 0:39:53]}  Bc6 {[%clk 0:52:31]} 22. Re1 {[%clk 0:36:56]}  Qd8 {[%clk 0:38:41]} 23. Nf1 {[%clk 0:32:52]}  g6 {[%clk 0:35:11]} 24. Ne3 {[%clk 0:29:32]}  Bf8 {[%clk 0:31:42]} 25. Re2 {[%clk 0:24:23]}  Bg7 {[%clk 0:29:07]} 26. Rd2 {[%clk 0:23:47]}  Qe7 {[%clk 0:26:42]} 27. Ng4 {[%clk 0:11:00]}  Nxg4 {[%clk 0:24:11]} 28. hxg4 {[%clk 0:10:05]}  Bh6 {[%clk 0:15:04]} 29. Re2 {[%clk 0:07:22]}  Bd7 {[%clk 0:14:20]} 30. Rc2 {[%clk 0:07:47]}  Rxc2 {[%clk 0:09:59]} 31. Bxc2 {[%clk 0:08:11]}  Qh4 {[%clk 0:06:19]} 1/2-1/2

[Event "45th FIDE Chess Olympiad Open"]
[Site "Budapest, Hungary"]
[Date "2024.09.21"]
[Round "10"]
[White "Suleymenov, Alisher"]
[Black "Martinovic, Sasa"]
[Result "1-0"]
[Board "62"]
[WhiteFideId "13707833"]
[BlackFideId "14509792"]
[WhiteTitle "GM"]
[BlackTitle "GM"]
[WhiteElo "2484"]
[BlackElo "2563"]
[WhiteTeam "Kazakhstan"]
[BlackTeam "Croatia"]
[WhiteClock "0:26:58"]
[BlackClock "0:30:30"]
[Variant "Standard"]

1. e4 {[%clk 1:30:57]}  e6 {[%clk 1:30:57]} 2. d4 {[%clk 1:31:19]}  d5 {[%clk 1:31:24]} 3. e5 {[%clk 1:31:42]}  c5 {[%clk 1:31:50]} 4. c3 {[%clk 1:32:07]}  Nc6 {[%clk 1:32:17]} 5. Nf3 {[%clk 1:32:32]}  Qb6 {[%clk 1:32:27]} 6. Bd3 {[%clk 1:23:17]}  cxd4 {[%clk 1:32:46]} 7. O-O {[%clk 1:23:40]}  Bd7 {[%clk 1:33:02]} 8. Re1 {[%clk 1:23:30]}  Nge7 {[%clk 1:32:43]} 9. h4 {[%clk 1:23:53]}  a6 {[%clk 1:31:34]} 10. Nbd2 {[%clk 1:14:05]}  dxc3 {[%clk 1:30:27]} 11. bxc3 {[%clk 1:14:00]}  Qc7 {[%clk 1:27:49]} 12. h5 {[%clk 1:02:23]}  Na5 {[%clk 1:20:55]} 13. Bb2 {[%clk 0:41:22]}  Nec6 {[%clk 1:12:38]} 14. Rc1 {[%clk 0:29:00]}  b5 {[%clk 1:10:53]} 15. Qc2 {[%clk 0:27:52]}  g6 {[%clk 1:05:01]} 16. hxg6 {[%clk 0:23:23]}  hxg6 {[%clk 1:05:27]} 17. Bxg6 {[%clk 0:23:49]}  Be7 {[%clk 0:59:20]} 18. Bd3 {[%clk 0:20:18]}  Rh5 {[%clk 0:39:45]} 19. Nf1 {[%clk 0:16:39]}  Nc4 {[%clk 0:36:07]} 20. Bxc4 {[%clk 0:15:08]}  bxc4 {[%clk 0:35:19]} 21. Ng3 {[%clk 0:12:29]}  Rxe5 {[%clk 0:34:24]} 22. Red1 {[%clk 0:09:25]}  O-O-O {[%clk 0:24:41]} 23. Rb1 {[%clk 0:09:02]}  Rg8 {[%clk 0:22:54]} 24. Qh7 {[%clk 0:04:52]}  Rxg3 {[%clk 0:11:36]} 25. Qh8+ {[%clk 0:04:42]}  Bd8 {[%clk 0:05:57]} 26. Nxe5 {[%clk 0:05:07]}  Nxe5 {[%clk 0:06:11]} 27. fxg3 {[%clk 0:05:02]}  Ng6 {[%clk 0:05:00]} 28. Qd4 {[%clk 0:03:35]}  Be7 {[%clk 0:04:31]} 29. Kh2 {[%clk 0:03:31]}  Bd6 {[%clk 0:03:15]} 30. Qe3 {[%clk 0:03:19]}  Ne5 {[%clk 0:02:12]} 31. Qg5 {[%clk 0:03:32]}  Qc5 {[%clk 0:01:54]} 32. Qg8+ {[%clk 0:03:30]}  Kc7 {[%clk 0:02:20]} 33. Ba3 {[%clk 0:03:21]}  Ng4+ {[%clk 0:01:45]} 34. Kh3 {[%clk 0:01:58]}  Nf2+ {[%clk 0:01:37]} 35. Kh4 {[%clk 0:02:27]}  Qa7 {[%clk 0:00:40]} 36. Bxd6+ {[%clk 0:02:38]}  Kxd6 {[%clk 0:01:09]} 37. Rd4 {[%clk 0:01:38]}  e5 {[%clk 0:00:47]} 38. Qf8+ {[%clk 0:01:06]}  Ke6 {[%clk 0:01:16]} 39. Qh6+ {[%clk 0:01:10]}  f6 {[%clk 0:01:35]} 40. Rf1 {[%clk 0:00:51]}  exd4 {[%clk 0:00:33]} 41. Rxf2 {[%clk 0:01:11]}  Kd6 {[%clk 0:30:00]} 42. Rxf6+ {[%clk 0:26:12]}  Kc5 {[%clk 0:30:06]} 43. Qf8+ {[%clk 0:26:34]}  Kb5 {[%clk 0:30:30]} 44. Qb4# {[%clk 0:26:58]} 1-0

[Event "45th FIDE Chess Olympiad Open"]
[Site "Budapest, Hungary"]
[Date "2024.09.21"]
[Round "10"]
[White "Livaic, Leon"]
[Black "Zhalmakhanov, Ramazan"]
[Result "1/2-1/2"]
[Board "63"]
[WhiteFideId "14531534"]
[BlackFideId "13706357"]
[WhiteTitle "GM"]
[BlackTitle "GM"]
[WhiteElo "2550"]
[BlackElo "2497"]
[WhiteTeam "Croatia"]
[BlackTeam "Kazakhstan"]
[WhiteClock "0:14:11"]
[BlackClock "0:19:28"]
[Variant "Standard"]

1. d4 {[%clk 1:30:53]}  Nf6 {[%clk 1:30:53]} 2. Nf3 {[%clk 1:31:17]}  e6 {[%clk 1:29:41]} 3. Bf4 {[%clk 1:30:27]}  c5 {[%clk 1:26:56]} 4. c3 {[%clk 1:29:56]}  cxd4 {[%clk 1:20:49]} 5. cxd4 {[%clk 1:30:17]}  Qb6 {[%clk 1:21:13]} 6. Qb3 {[%clk 1:24:48]}  Qxb3 {[%clk 1:17:45]} 7. axb3 {[%clk 1:25:14]}  Nc6 {[%clk 1:17:03]} 8. Nc3 {[%clk 1:24:33]}  Bb4 {[%clk 1:17:07]} 9. Bd2 {[%clk 1:23:21]}  d5 {[%clk 1:15:40]} 10. e3 {[%clk 1:21:54]}  Bd7 {[%clk 1:14:36]} 11. Ne5 {[%clk 1:19:07]}  Nxe5 {[%clk 1:11:06]} 12. dxe5 {[%clk 1:19:32]}  Ng4 {[%clk 1:11:27]} 13. f4 {[%clk 1:19:12]}  Bc5 {[%clk 1:07:21]} 14. Nd1 {[%clk 1:09:14]}  d4 {[%clk 0:50:30]} 15. exd4 {[%clk 1:06:08]}  Bxd4 {[%clk 0:49:00]} 16. Be2 {[%clk 0:56:36]}  h5 {[%clk 0:48:33]} 17. Bxg4 {[%clk 0:49:55]}  hxg4 {[%clk 0:48:55]} 18. Be3 {[%clk 0:50:21]}  Bxe3 {[%clk 0:46:48]} 19. Nxe3 {[%clk 0:50:47]}  g3 {[%clk 0:40:31]} 20. h4 {[%clk 0:47:44]}  Bc6 {[%clk 0:39:12]} 21. h5 {[%clk 0:38:04]}  Rd8 {[%clk 0:21:30]} 22. Rd1 {[%clk 0:36:39]}  Rxd1+ {[%clk 0:21:01]} 23. Kxd1 {[%clk 0:37:06]}  f6 {[%clk 0:19:48]} 24. exf6 {[%clk 0:21:02]}  gxf6 {[%clk 0:20:03]} 25. Rh3 {[%clk 0:21:28]}  Kf7 {[%clk 0:15:03]} 26. Ke2 {[%clk 0:21:06]}  b5 {[%clk 0:11:49]} 27. b4 {[%clk 0:16:58]}  Be4 {[%clk 0:07:52]} 28. h6 {[%clk 0:15:21]}  f5 {[%clk 0:07:40]} 29. Rxg3 {[%clk 0:04:24]}  Rxh6 {[%clk 0:07:55]} 30. Rh3 {[%clk 0:02:19]}  Rxh3 {[%clk 0:07:13]} 31. gxh3 {[%clk 0:02:48]}  e5 {[%clk 0:07:42]} 32. Kf2 {[%clk 0:03:03]}  exf4 {[%clk 0:07:22]} 33. Ng2 {[%clk 0:03:29]}  f3 {[%clk 0:06:55]} 34. Nh4 {[%clk 0:03:43]}  Kf6 {[%clk 0:05:36]} 35. Nxf3 {[%clk 0:03:55]}  f4 {[%clk 0:06:01]} 36. Nd4 {[%clk 0:03:51]}  a6 {[%clk 0:05:58]} 37. Nb3 {[%clk 0:03:45]}  Kg5 {[%clk 0:04:56]} 38. Nc5 {[%clk 0:03:57]}  Bf5 {[%clk 0:05:23]} 39. Kf3 {[%clk 0:01:22]}  Bxh3 {[%clk 0:05:24]} 40. Nxa6 {[%clk 0:00:49]}  Bd7 {[%clk 0:03:52]} 41. Nc5 {[%clk 0:00:34]}  Bc6+ {[%clk 0:04:06]} 42. Ke2 {[%clk 0:29:02]}  Kf5 {[%clk 0:30:33]} 43. Nb3 {[%clk 0:25:02]}  Ke5 {[%clk 0:30:10]} 44. Nc1 {[%clk 0:24:02]}  Bd5 {[%clk 0:29:48]} 45. Nd3+ {[%clk 0:24:02]}  Ke4 {[%clk 0:30:05]} 46. Nf2+ {[%clk 0:23:56]}  Kd4 {[%clk 0:30:22]} 47. Nh3 {[%clk 0:23:49]}  f3+ {[%clk 0:29:14]} 48. Kd2 {[%clk 0:24:03]}  Be6 {[%clk 0:29:08]} 49. Nf2 {[%clk 0:23:35]}  Bf5 {[%clk 0:29:07]} 50. Nd1 {[%clk 0:23:53]}  Bd3 {[%clk 0:29:17]} 51. Nf2 {[%clk 0:23:46]}  Be2 {[%clk 0:29:36]} 52. b3 {[%clk 0:23:25]}  Bf1 {[%clk 0:29:27]} 53. Nd1 {[%clk 0:16:45]}  Bd3 {[%clk 0:26:16]} 54. Nf2 {[%clk 0:16:48]}  Bf5 {[%clk 0:25:53]} 55. Nd1 {[%clk 0:17:13]}  Bd7 {[%clk 0:24:48]} 56. Ne3 {[%clk 0:14:01]}  Be6 {[%clk 0:23:02]} 57. Nc2+ {[%clk 0:14:26]}  Ke4 {[%clk 0:23:29]} 58. Na3 {[%clk 0:14:46]}  Bd7 {[%clk 0:22:53]} 59. Ke1 {[%clk 0:11:59]}  Ke3 {[%clk 0:20:50]} 60. Nc2+ {[%clk 0:12:25]}  Kd3 {[%clk 0:19:29]} 61. Na3 {[%clk 0:12:52]}  Kc3 {[%clk 0:18:13]} 62. Kf2 {[%clk 0:13:17]}  Kxb4 {[%clk 0:18:38]} 63. Nxb5 {[%clk 0:13:43]}  Bxb5 {[%clk 0:19:02]} 64. Kxf3 {[%clk 0:14:11]}  Kxb3 {[%clk 0:19:28]} 1/2-1/2